MESTSKÁ KNIŽNICA GIRALTOVCE  - online katalóg 

Vtáky v tŕní (Record no. 12231)

000 -NÁVESTIE
fixed length control field 00721nam a2200217 a 4500
008 - ÚDAJE S PEVNOU DĹŽKOU – VŠEOBECNÉ INFORMÁCIE
fixed length control field 951031s1991||||xo 0 slo c
040 ## - ZDROJ KATALOGIZÁCIE
Pôvodná katalogizujúca agentúra SNK
Jazyk katalogizácie slo
Prepisujúca agentúra SNK
Konvencie popisu AACR2
041 1# - KÓD JAZYKA
Kód jazyka textu/zvukovej stopy alebo samostatných nápisov slo
Kód jazyka originálu a/alebo sprostredkujúcich prekladov textu eng
044 ## - KÓD KRAJINY VYDAVATEĽA/PRODUCENTA
Kód krajiny MARC xo
Kód krajiny ISO SK
080 ## - ČÍSLO MEDZINÁRODNÉHO DESATINNÉHO TRIEDENIA (MDT)
Číslo Medzinárodného desatinného triedenia (MDT) 820 (94)-3
020 ## - MEDZINÁRODNÉ ŠTANDARDNÉ ČÍSLO KNIHY (ISBN)
Údaje o dostupnosti 66
100 1# - OSOBNÉ MENÁ – VŠEOBECNÉ INFORMÁCIE
Osobné meno McCullough, Colleen
Dátumy súvisiace s menom 1920-
Kód roly aut
245 10 - NÁZOV
Názov Vtáky v tŕní
Údaj o zodpovednosti atď. Colleen Mac Cullough ; Prekl. Katarína Karovičová ; Graf. upr. Dušan Grečner ; Aut. dosl. Katarína Karovičová
260 ## - VYDAVATEĽSKÉ ÚDAJE, DISTRIBÚCIA ATĎ.
Miesto publikovania, distribúcie atď. Bratislava
Názov vydavateľa, distibútora atď. Slovenský spisovateľ
Dátum publikovania, distribúcie atď. 1991
Miesto výroby Banská Bystrica
Výrobca Tlačiarne BB, spol. s r.o.
300 ## - FYZICKÝ POPIS
Rozmery 21 cm
700 1# - PRIDANÝ VSTUP – OSOBNÉ MENO
Kód roly trl
700 1# - PRIDANÝ VSTUP – OSOBNÉ MENO
Osobné meno Grečner, Dušan
Kód roly bkd
700 1# - PRIDANÝ VSTUP – OSOBNÉ MENO
Osobné meno Karovičová, Katarína
Kód roly [ADC]
765 0# - VÄZBA NA PÔVODNÝ JAZYK
Názov The Thorn Birds
958 ## - Formálny deskriptor
Formálny deskriptor AUL
Holdings
Stav stiahnutia (Blokovanie) (Withrawn status) Stav straty Stav poškodenia (Damaged status) Nie pre výpožičky (Not for loan) Spôsob nadobudnutia (Collection code) Trvalé umiestnenie Aktuálne umiestnenie Dátum nadobudnutia Náklady, bežná kúpna cena Inventárne číslo (prírastkové číslo) Full call number Dátum posledného výskytu Cena s účinnosťou od Typ jednotky Koha
        Kúpa Mestská knižnica Giraltovce Mestská knižnica Giraltovce 2019-11-29 66.00 11525 B 5651 2019-11-29 2019-11-29 Krásna literatúra pre dospelých

Powered by Koha